|
|
|
|
| LEADER |
01004cam a2200241 7i4500 |
| 001 |
0000080347 |
| 005 |
20231030090000.0 |
| 020 |
|
|
|a 9783031093197 (electronic book)
|
| 090 |
0 |
0 |
|a TS171.95
|b .T47 2023
|
| 245 |
0 |
0 |
|a 3D printing for construction with alternative materials
|c Barbara Rangel [and three others].
|
| 264 |
|
|
|a Switzerland:
|b Springer,
|c 2023.
|
| 300 |
|
|
|a 1 online resource (1 volume):
|b illustrations (black and white, and colour), text file, PDF.
|
| 336 |
|
|
|a text
|2 rdacontent
|
| 337 |
|
|
|a computer
|2 rdamedia
|
| 338 |
|
|
|a online resource
|2 rdacarrier
|
| 650 |
|
0 |
|a Building materials --
|x Technological innovations
|
| 650 |
|
0 |
|a Three-dimensional printing --
|x Industrial applications
|
| 650 |
|
0 |
|a Additive manufacturing
|
| 655 |
|
0 |
|a Electronic books
|
| 700 |
1 |
|
|a Rangel, Barbara
|
| 856 |
4 |
2 |
|u http://library.unisel.edu.my/web/guest/mylibrary
|
| 997 |
|
|
|a Communication, Visual Art & Computing, Faculty
|b Computing, Department
|
| 999 |
|
|
|a EBO0022459
|b EBOOK
|c EBOOK
|e Electronic resources
|